[Event "DEM U10w 2024"]
[Site "Willingen GER"]
[Date "2024.05.22"]
[Round "7"]
[White "Sriram, Yashasri"]
[Black "Vasilieva, Victoria"]
[Result "1-0"]
[Termination "normal"]
[Board "10"]
[WhiteElo "1576"]
[BlackElo "1048"]
[WhiteClock "00:25:23"]
[BlackClock "00:21:54"]
[PlyCount "155"]
[WhiteFideId "34656243"]
[BlackFideId "533007071"]
[EventCountry "GER"]
[EventRounds "11"]
[EventType "swiss"]
[EventDate "2024.05.18"]

1. e4 {[%clk 01:15:58]} {[%emt 00:00:02]} c6 {[%clk 01:15:41]} {[%emt
00:00:19]} 2. d4 {[%clk 01:16:23]} {[%emt 00:00:05]} d5 {[%clk 01:15:51]}
{[%emt 00:00:20]} 3. e5 {[%clk 01:16:42]} {[%emt 00:00:11]} Bf5 {[%clk
01:15:40]} {[%emt 00:00:41]} 4. c4 {[%clk 01:16:16]} {[%emt 00:00:56]} e6
{[%clk 01:14:22]} {[%emt 00:01:48]} 5. Nc3 {[%clk 01:16:12]} {[%emt 00:00:34]}
Ne7 {[%clk 01:11:06]} {[%emt 00:03:46]} 6. Bd3 {[%clk 01:14:24]} {[%emt
00:02:18]} Bxd3 {[%clk 01:09:03]} {[%emt 00:02:33]} 7. Qxd3 {[%clk 01:14:38]}
{[%emt 00:00:16]} g6 {[%clk 01:07:14]} {[%emt 00:02:19]} 8. Nf3 {[%clk
01:11:31]} {[%emt 00:03:37]} Bg7 {[%clk 01:04:32]} {[%emt 00:03:11]} 9. O-O
{[%clk 01:09:39]} {[%emt 00:02:22]} O-O {[%clk 01:03:03]} {[%emt 00:01:59]} 10.
Re1 {[%clk 01:05:07]} {[%emt 00:05:02]} Nd7 {[%clk 00:56:52]} {[%emt 00:06:41]}
11. Bg5 {[%clk 01:01:33]} {[%emt 00:04:03]} Qe8 {[%clk 00:54:27]} {[%emt
00:02:56]} 12. b4 {[%clk 00:56:29]} {[%emt 00:05:35]} h6 {[%clk 00:49:03]}
{[%emt 00:05:53]} 13. Bh4 {[%clk 00:54:09]} {[%emt 00:02:51]} Nf5 {[%clk
00:46:43]} {[%emt 00:02:48]} 14. b5 {[%clk 00:51:47]} {[%emt 00:02:53]} Nxh4
{[%clk 00:45:18]} {[%emt 00:01:54]} 15. Nxh4 {[%clk 00:50:36]} {[%emt
00:01:42]} Qe7 {[%clk 00:39:44]} {[%emt 00:06:04]} 16. g3 {[%clk 00:49:49]}
{[%emt 00:01:18]} Rfd8 {[%clk 00:32:11]} {[%emt 00:08:02]} 17. Rab1 {[%clk
00:47:12]} {[%emt 00:03:08]} Rab8 {[%clk 00:29:44]} {[%emt 00:02:57]} 18. c5
{[%clk 00:41:20]} {[%emt 00:06:22]} g5 {[%clk 00:27:56]} {[%emt 00:02:17]} 19.
Nf3 {[%clk 00:38:54]} {[%emt 00:02:53]} f6 {[%clk 00:25:53]} {[%emt 00:02:36]}
20. Rb4 {[%clk 00:29:05]} {[%emt 00:10:20]} fxe5 {[%clk 00:23:51]} {[%emt
00:02:31]} 21. dxe5 {[%clk 00:26:40]} {[%emt 00:02:56]} Qxc5 {[%clk 00:21:14]}
{[%emt 00:03:06]} 22. Qd4 {[%clk 00:25:56]} {[%emt 00:01:15]} Qe7 {[%clk
00:20:19]} {[%emt 00:01:24]} 23. a3 {[%clk 00:25:39]} {[%emt 00:00:48]} c5
{[%clk 00:19:46]} {[%emt 00:01:02]} 24. Nxd5 {[%clk 00:25:47]} {[%emt
00:00:22]} exd5 {[%clk 00:19:22]} {[%emt 00:00:54]} 25. Qxd5+ {[%clk 00:26:09]}
{[%emt 00:00:08]} Kh8 {[%clk 00:19:17]} {[%emt 00:00:36]} 26. Rbb1 {[%clk
00:23:34]} {[%emt 00:03:05]} g4 {[%clk 00:17:15]} {[%emt 00:02:31]} 27. Nh4
{[%clk 00:23:26]} {[%emt 00:00:38]} Qg5 {[%clk 00:16:09]} {[%emt 00:01:35]} 28.
Qe4 {[%clk 00:20:10]} {[%emt 00:03:46]} Nxe5 {[%clk 00:14:34]} {[%emt
00:02:07]} 29. f4 {[%clk 00:19:16]} {[%emt 00:01:23]} Qf6 {[%clk 00:14:23]}
{[%emt 00:00:40]} 30. fxe5 {[%clk 00:19:21]} {[%emt 00:00:27]} Qf7 {[%clk
00:13:38]} {[%emt 00:01:15]} 31. e6 {[%clk 00:17:12]} {[%emt 00:02:38]} Qf6
{[%clk 00:13:20]} {[%emt 00:00:47]} 32. e7 {[%clk 00:14:54]} {[%emt 00:02:49]}
Rd2 {[%clk 00:11:50]} {[%emt 00:02:01]} 33. e8=Q+ {[%clk 00:14:32]} {[%emt
00:00:51]} Rxe8 {[%clk 00:12:00]} {[%emt 00:00:21]} 34. Qxe8+ {[%clk 00:14:30]}
{[%emt 00:00:09]} Kh7 {[%clk 00:12:16]} {[%emt 00:00:36]} 35. Qg6+ {[%clk
00:14:42]} {[%emt 00:00:18]} Qxg6 {[%clk 00:12:30]} {[%emt 00:00:16]} 36. Nxg6
{[%clk 00:15:04]} {[%emt 00:00:08]} Kxg6 {[%clk 00:12:50]} {[%emt 00:00:09]}
37. Re7 {[%clk 00:15:10]} {[%emt 00:00:25]} c4 {[%clk 00:12:49]} {[%emt
00:00:32]} 38. Ree1 {[%clk 00:14:29]} {[%emt 00:01:10]} Bd4+ {[%clk 00:12:58]}
{[%emt 00:00:22]} 39. Kh1 {[%clk 00:14:33]} {[%emt 00:00:26]} c3 {[%clk
00:13:10]} {[%emt 00:00:18]} 40. Rbd1 {[%clk 00:14:10]} {[%emt 00:00:51]} Rxd1
{[%clk 00:13:16]} {[%emt 00:00:25]} 41. Rxd1 {[%clk 00:14:33]} {[%emt
00:00:07]} c2 {[%clk 00:13:18]} {[%emt 00:00:28]} 42. Rc1 {[%clk 00:14:55]}
{[%emt 00:00:08]} Bb2 {[%clk 00:13:21]} {[%emt 00:00:28]} 43. Rxc2 {[%clk
00:15:09]} {[%emt 00:00:16]} Bxa3 {[%clk 00:13:44]} {[%emt 00:00:07]} 44. Rc7
{[%clk 00:15:27]} {[%emt 00:00:11]} Bb4 {[%clk 00:13:38]} {[%emt 00:00:36]} 45.
Rxb7 {[%clk 00:15:48]} {[%emt 00:00:10]} a5 {[%clk 00:14:05]} {[%emt 00:00:04]}
46. bxa6 {[%clk 00:16:11]} {[%emt 00:00:06]} Bc5 {[%clk 00:14:11]} {[%emt
00:00:24]} 47. a7 {[%clk 00:16:22]} {[%emt 00:00:19]} Bxa7 {[%clk 00:14:36]}
{[%emt 00:00:05]} 48. Rxa7 {[%clk 00:16:45]} {[%emt 00:00:06]} Kg5 {[%clk
00:14:47]} {[%emt 00:00:19]} 49. Ra5+ {[%clk 00:17:05]} {[%emt 00:00:10]} Kg6
{[%clk 00:15:11]} {[%emt 00:00:07]} 50. Kg2 {[%clk 00:17:30]} {[%emt 00:00:05]}
Kg7 {[%clk 00:15:23]} {[%emt 00:00:18]} 51. h3 {[%clk 00:17:49]} {[%emt
00:00:11]} gxh3+ {[%clk 00:15:45]} {[%emt 00:00:08]} 52. Kxh3 {[%clk 00:18:09]}
{[%emt 00:00:09]} Kh7 {[%clk 00:15:55]} {[%emt 00:00:21]} 53. Ra6 {[%clk
00:18:33]} {[%emt 00:00:07]} h5 {[%clk 00:15:46]} {[%emt 00:00:37]} 54. Kh4
{[%clk 00:18:58]} {[%emt 00:00:05]} Kg7 {[%clk 00:16:03]} {[%emt 00:00:14]} 55.
Kxh5 {[%clk 00:19:13]} {[%emt 00:00:14]} Kf7 {[%clk 00:16:10]} {[%emt
00:00:24]} 56. g4 {[%clk 00:19:35]} {[%emt 00:00:08]} Kg7 {[%clk 00:16:31]}
{[%emt 00:00:09]} 57. g5 {[%clk 00:20:00]} {[%emt 00:00:05]} Kf7 {[%clk
00:16:50]} {[%emt 00:00:11]} 58. Kh6 {[%clk 00:19:59]} {[%emt 00:00:30]} Kf8
{[%clk 00:16:59]} {[%emt 00:00:22]} 59. Rf6+ {[%clk 00:20:07]} {[%emt
00:00:23]} Ke8 {[%clk 00:17:10]} {[%emt 00:00:18]} 60. g6 {[%clk 00:20:27]}
{[%emt 00:00:09]} Ke7 {[%clk 00:17:17]} {[%emt 00:00:24]} 61. g7 {[%clk
00:20:46]} {[%emt 00:00:10]} Kxf6 {[%clk 00:17:18]} {[%emt 00:00:29]} 62. g8=Q
{[%emt 00:00:12]} Kf5 {[%emt 00:00:15]} 63. Qg6+ {[%clk 00:20:29]} {[%emt
00:00:20]} Kf4 {[%clk 00:17:41]} {[%emt 00:00:08]} 64. Qg5+ {[%clk 00:20:48]}
{[%emt 00:00:11]} Kf3 {[%clk 00:17:59]} {[%emt 00:00:12]} 65. Kh5 {[%clk
00:21:04]} {[%emt 00:00:14]} Kf2 {[%clk 00:18:14]} {[%emt 00:00:14]} 66. Kh4
{[%clk 00:21:20]} {[%emt 00:00:13]} Ke2 {[%clk 00:18:32]} {[%emt 00:00:14]} 67.
Qg3 {[%clk 00:21:42]} {[%emt 00:00:08]} Kf1 {[%clk 00:18:47]} {[%emt 00:00:14]}
68. Qh2 {[%clk 00:22:01]} {[%emt 00:00:11]} Ke1 {[%clk 00:19:06]} {[%emt
00:00:12]} 69. Qg2 {[%clk 00:22:26]} {[%emt 00:00:05]} Kd1 {[%clk 00:19:26]}
{[%emt 00:00:10]} 70. Qf2 {[%clk 00:22:50]} {[%emt 00:00:05]} Kc1 {[%clk
00:19:46]} {[%emt 00:00:10]} 71. Qe2 {[%clk 00:23:13]} {[%emt 00:00:08]} Kb1
{[%clk 00:20:10]} {[%emt 00:00:06]} 72. Qd2 {[%clk 00:23:40]} {[%emt 00:00:03]}
Ka1 {[%clk 00:20:27]} {[%emt 00:00:13]} 73. Kg4 {[%clk 00:24:05]} {[%emt
00:00:05]} Kb1 {[%clk 00:20:51]} {[%emt 00:00:06]} 74. Kf4 {[%clk 00:24:28]}
{[%emt 00:00:06]} Ka1 {[%clk 00:20:47]} {[%emt 00:00:35]} 75. Ke4 {[%clk
00:24:30]} {[%emt 00:00:28]} Kb1 {[%clk 00:21:11]} {[%emt 00:00:07]} 76. Kd4
{[%clk 00:24:41]} {[%emt 00:00:18]} Ka1 {[%clk 00:21:33]} {[%emt 00:00:08]} 77.
Kc3 {[%clk 00:25:03]} {[%emt 00:00:07]} Kb1 {[%clk 00:21:54]} {[%emt 00:00:10]}
78. Qb2# {[%clk 00:25:23]} {[%emt 00:00:09]} 1-0

[Event "DEM U10w 2024"]
[Site "Willingen GER"]
[Date "2024.05.22"]
[Round "7"]
[White "Sniegowski, Amalia"]
[Black "Winkler, Anni"]
[Result "0-1"]
[Termination "normal"]
[Board "11"]
[WhiteElo "998"]
[BlackElo "1426"]
[WhiteClock "00:16:14"]
[BlackClock "00:33:25"]
[PlyCount "146"]
[WhiteFideId "34675620"]
[BlackFideId "34622349"]
[EventCountry "GER"]
[EventRounds "11"]
[EventType "swiss"]
[EventDate "2024.05.18"]

1. e4 {[%clk 01:15:58]} {[%emt 00:00:01]} c5 {[%clk 01:15:08]} {[%emt
00:00:53]} 2. Nf3 {[%clk 01:16:19]} {[%emt 00:00:09]} Nc6 {[%clk 01:14:48]}
{[%emt 00:00:50]} 3. Bb5 {[%clk 01:16:02]} {[%emt 00:00:47]} d6 {[%clk
01:11:52]} {[%emt 00:03:25]} 4. O-O {[%clk 01:15:01]} {[%emt 00:01:31]} Bd7
{[%clk 01:09:49]} {[%emt 00:02:34]} 5. c3 {[%clk 01:14:58]} {[%emt 00:00:33]}
a6 {[%clk 01:06:52]} {[%emt 00:03:28]} 6. Bxc6 {[%clk 01:14:33]} {[%emt
00:00:53]} Bxc6 {[%clk 01:03:49]} {[%emt 00:03:33]} 7. Re1 {[%clk 01:14:45]}
{[%emt 00:00:18]} e6 {[%clk 01:03:08]} {[%emt 00:01:12]} 8. d4 {[%clk
01:14:32]} {[%emt 00:00:43]} cxd4 {[%clk 00:55:47]} {[%emt 00:07:50]} 9. cxd4
{[%clk 01:14:52]} {[%emt 00:00:10]} Nf6 {[%clk 00:54:12]} {[%emt 00:02:05]} 10.
Nc3 {[%clk 01:14:59]} {[%emt 00:00:24]} Be7 {[%clk 00:50:27]} {[%emt 00:04:16]}
11. Bf4 {[%clk 01:10:31]} {[%emt 00:04:57]} O-O {[%clk 00:49:12]} {[%emt
00:01:45]} 12. e5 {[%clk 01:06:25]} {[%emt 00:04:36]} dxe5 {[%clk 00:48:30]}
{[%emt 00:01:12]} 13. dxe5 {[%clk 01:06:22]} {[%emt 00:00:32]} Qxd1 {[%clk
00:47:35]} {[%emt 00:01:26]} 14. Raxd1 {[%clk 01:06:38]} {[%emt 00:00:13]} Nd5
{[%clk 00:47:32]} {[%emt 00:00:35]} 15. Nxd5 {[%clk 01:04:52]} {[%emt
00:02:15]} Bxd5 {[%clk 00:47:50]} {[%emt 00:00:11]} 16. a3 {[%clk 01:04:26]}
{[%emt 00:00:56]} Rfd8 {[%clk 00:47:31]} {[%emt 00:00:50]} 17. Rd3 {[%clk
01:03:18]} {[%emt 00:01:38]} Rd7 {[%clk 00:46:24]} {[%emt 00:01:36]} 18. Red1
{[%clk 01:00:55]} {[%emt 00:02:53]} Rc8 {[%clk 00:44:10]} {[%emt 00:02:45]} 19.
h3 {[%clk 00:59:11]} {[%emt 00:02:14]} Rdc7 {[%clk 00:43:42]} {[%emt 00:00:56]}
20. R1d2 {[%clk 00:57:58]} {[%emt 00:01:44]} Rc1+ {[%clk 00:41:23]} {[%emt
00:02:48]} 21. Rd1 {[%clk 00:56:42]} {[%emt 00:01:48]} Rxd1+ {[%clk 00:41:38]}
{[%emt 00:00:16]} 22. Rxd1 {[%clk 00:56:42]} {[%emt 00:00:29]} Bxf3 {[%clk
00:41:55]} {[%emt 00:00:14]} 23. gxf3 {[%clk 00:56:34]} {[%emt 00:00:37]} Bh4
{[%clk 00:40:55]} {[%emt 00:01:30]} 24. Rd3 {[%clk 00:55:21]} {[%emt 00:01:43]}
h6 {[%clk 00:39:29]} {[%emt 00:01:56]} 25. Rd2 {[%clk 00:54:23]} {[%emt
00:01:28]} Rc4 {[%clk 00:37:15]} {[%emt 00:02:42]} 26. Be3 {[%clk 00:53:57]}
{[%emt 00:00:57]} Rc1+ {[%clk 00:33:51]} {[%emt 00:03:55]} 27. Kh2 {[%clk
00:53:59]} {[%emt 00:00:28]} Rc4 {[%clk 00:31:40]} {[%emt 00:02:41]} 28. Rd7
{[%clk 00:48:41]} {[%emt 00:05:48]} b5 {[%clk 00:31:04]} {[%emt 00:01:06]} 29.
Ra7 {[%clk 00:47:28]} {[%emt 00:01:42]} Rc2 {[%clk 00:31:07]} {[%emt 00:00:27]}
30. b4 {[%clk 00:46:10]} {[%emt 00:01:49]} Rc6 {[%clk 00:30:55]} {[%emt
00:00:42]} 31. Kg2 {[%clk 00:40:14]} {[%emt 00:06:25]} f6 {[%clk 00:29:38]}
{[%emt 00:01:48]} 32. exf6 {[%clk 00:40:09]} {[%emt 00:00:34]} Bxf6 {[%clk
00:29:34]} {[%emt 00:00:33]} 33. Kg3 {[%clk 00:27:53]} {[%emt 00:12:47]} Bb2
{[%clk 00:27:39]} {[%emt 00:02:25]} 34. Kg4 {[%clk 00:25:32]} {[%emt 00:02:52]}
Bxa3 {[%emt 00:00:30]} 35. Bc5 {[%clk 00:25:42]} {[%emt 00:00:18]} Bb2 {[%clk
00:26:40]} {[%emt 00:01:30]} 36. Kh5 {[%clk 00:22:01]} {[%emt 00:04:10]} Kh7
{[%clk 00:26:15]} {[%emt 00:00:56]} 37. Be3 {[%clk 00:20:17]} {[%emt 00:02:13]}
e5 {[%clk 00:25:55]} {[%emt 00:00:52]} 38. Bc5 {[%clk 00:15:57]} {[%emt
00:04:49]} Bd4 {[%clk 00:25:51]} {[%emt 00:00:34]} 39. Bxd4 {[%clk 00:15:59]}
{[%emt 00:00:28]} exd4 {[%clk 00:26:12]} {[%emt 00:00:09]} 40. Rd7 {[%clk
00:16:13]} {[%emt 00:00:16]} Rc4 {[%clk 00:26:33]} {[%emt 00:00:10]} 41. Kg4
{[%clk 00:15:37]} {[%emt 00:01:06]} Rxb4 {[%clk 00:26:54]} {[%emt 00:00:09]}
42. Kf4 {[%clk 00:15:07]} {[%emt 00:01:00]} a5 {[%clk 00:27:20]} {[%emt
00:00:05]} 43. Ke4 {[%clk 00:15:03]} {[%emt 00:00:32]} a4 {[%clk 00:27:37]}
{[%emt 00:00:14]} 44. Kd3 {[%clk 00:15:13]} {[%emt 00:00:20]} a3 {[%clk
00:27:08]} {[%emt 00:00:59]} 45. Ra7 {[%clk 00:13:55]} {[%emt 00:01:48]} Rb3+
{[%clk 00:26:57]} {[%emt 00:00:41]} 46. Kc2 {[%clk 00:14:03]} {[%emt 00:00:21]}
Rxf3 {[%clk 00:27:16]} {[%emt 00:00:13]} 47. h4 {[%clk 00:12:32]} {[%emt
00:02:00]} Rxf2+ {[%clk 00:27:20]} {[%emt 00:00:26]} 48. Kb3 {[%clk 00:12:51]}
{[%emt 00:00:11]} a2 {[%clk 00:26:52]} {[%emt 00:00:58]} 49. Rxa2 {[%clk
00:12:11]} {[%emt 00:01:10]} Rxa2 {[%clk 00:27:15]} {[%emt 00:00:07]} 50. Kxa2
{[%clk 00:12:34]} {[%emt 00:00:06]} g5 {[%clk 00:27:28]} {[%emt 00:00:18]} 51.
hxg5 {[%clk 00:12:45]} {[%emt 00:00:18]} hxg5 {[%clk 00:27:52]} {[%emt
00:00:06]} 52. Kb3 {[%clk 00:13:03]} {[%emt 00:00:13]} g4 {[%clk 00:28:13]}
{[%emt 00:00:09]} 53. Kc2 {[%clk 00:13:25]} {[%emt 00:00:07]} g3 {[%clk
00:28:38]} {[%emt 00:00:06]} 54. Kd3 {[%clk 00:13:46]} {[%emt 00:00:09]} g2
{[%clk 00:29:00]} {[%emt 00:00:08]} 55. Kxd4 {[%clk 00:14:06]} {[%emt
00:00:10]} g1=Q+ {[%clk 00:29:21]} {[%emt 00:00:08]} 56. Kd5 {[%clk 00:14:19]}
{[%emt 00:00:17]} b4 {[%clk 00:29:40]} {[%emt 00:00:12]} 57. Kc4 {[%clk
00:14:30]} {[%emt 00:00:19]} Qb1 {[%clk 00:30:04]} {[%emt 00:00:06]} 58. Kd4
{[%clk 00:14:36]} {[%emt 00:00:24]} b3 {[%clk 00:30:23]} {[%emt 00:00:11]} 59.
Kc3 {[%clk 00:14:44]} {[%emt 00:00:21]} Qc2+ {[%clk 00:30:38]} {[%emt
00:00:14]} 60. Kd4 {[%clk 00:14:51]} {[%emt 00:00:25]} b2 {[%clk 00:31:00]}
{[%emt 00:00:08]} 61. Ke5 {[%clk 00:14:44]} {[%emt 00:00:34]} b1=R {[%emt
00:01:00]} 62. Kd4 {[%clk 00:14:45]} {[%emt 00:00:23]} Rb4+ {[%clk 00:30:56]}
{[%emt 00:00:13]} 63. Kd5 {[%clk 00:14:44]} {[%emt 00:00:30]} Rb1 {[%clk
00:31:12]} {[%emt 00:00:15]} 64. Kd4 {[%clk 00:14:41]} {[%emt 00:00:32]} Qc8
{[%clk 00:31:16]} {[%emt 00:00:27]} 65. Kd3 {[%clk 00:14:50]} {[%emt 00:00:20]}
Rd1+ {[%clk 00:31:33]} {[%emt 00:00:13]} 66. Ke2 {[%clk 00:14:58]} {[%emt
00:00:22]} Rd7 {[%clk 00:31:58]} {[%emt 00:00:05]} 67. Ke3 {[%clk 00:15:11]}
{[%emt 00:00:17]} Qe8+ {[%clk 00:32:18]} {[%emt 00:00:10]} 68. Kf4 {[%clk
00:15:12]} {[%emt 00:00:28]} Rf7+ {[%clk 00:32:33]} {[%emt 00:00:16]} 69. Kg5
{[%clk 00:15:08]} {[%emt 00:00:33]} Qe5+ {[%clk 00:32:29]} {[%emt 00:00:34]}
70. Kg4 {[%clk 00:15:19]} {[%emt 00:00:20]} Rf4+ {[%clk 00:32:51]} {[%emt
00:00:08]} 71. Kg3 {[%clk 00:15:38]} {[%emt 00:00:12]} Qe3+ {[%clk 00:33:11]}
{[%emt 00:00:10]} 72. Kg2 {[%clk 00:15:56]} {[%emt 00:00:11]} Rf2+ {[%emt
00:00:11]} 73. Kg1 {[%clk 00:16:14]} {[%emt 00:00:09]} Qe1# {[%clk 00:33:25]}
{[%emt 00:00:07]} 0-1

[Event "DEM U10w 2024"]
[Site "Willingen GER"]
[Date "2024.05.22"]
[Round "7"]
[White "Wolf, Aurelia"]
[Black "Goyush, Shams"]
[Result "0-1"]
[Termination "normal"]
[Board "12"]
[WhiteElo "1498"]
[BlackElo "996"]
[WhiteClock "00:20:10"]
[BlackClock "00:28:58"]
[PlyCount "56"]
[WhiteFideId "34671048"]
[EventCountry "GER"]
[EventRounds "11"]
[EventType "swiss"]
[EventDate "2024.05.18"]

1. e4 {[%clk 01:15:58]} {[%emt 00:00:02]} c6 {[%clk 01:15:52]} {[%emt
00:00:08]} 2. d4 {[%clk 01:16:21]} {[%emt 00:00:07]} d5 {[%clk 01:16:04]}
{[%emt 00:00:16]} 3. exd5 {[%clk 01:16:37]} {[%emt 00:00:15]} cxd5 {[%clk
01:16:25]} {[%emt 00:00:09]} 4. Bd3 {[%clk 01:16:56]} {[%emt 00:00:11]} Nc6
{[%clk 01:16:36]} {[%emt 00:00:19]} 5. c3 {[%clk 01:17:19]} {[%emt 00:00:07]}
Nf6 {[%clk 01:16:54]} {[%emt 00:00:12]} 6. Bf4 {[%clk 01:17:18]} {[%emt
00:00:31]} g6 {[%clk 01:17:10]} {[%emt 00:00:13]} 7. Nf3 {[%clk 01:16:49]}
{[%emt 00:01:00]} Bg7 {[%clk 01:17:27]} {[%emt 00:00:12]} 8. Nbd2 {[%clk
01:15:05]} {[%emt 00:02:16]} O-O {[%clk 01:17:19]} {[%emt 00:00:38]} 9. O-O
{[%clk 01:12:35]} {[%emt 00:03:00]} Nh5 {[%clk 01:17:16]} {[%emt 00:00:29]} 10.
Bg3 {[%clk 01:10:51]} {[%emt 00:02:17]} f6 {[%clk 01:16:36]} {[%emt 00:01:07]}
11. Re1 {[%clk 01:01:58]} {[%emt 00:09:26]} Nxg3 {[%clk 01:16:32]} {[%emt
00:00:34]} 12. hxg3 {[%clk 01:01:43]} {[%emt 00:00:45]} e5 {[%clk 01:14:55]}
{[%emt 00:02:06]} 13. dxe5 {[%clk 01:01:45]} {[%emt 00:00:30]} fxe5 {[%clk
01:15:15]} {[%emt 00:00:09]} 14. Bc2 {[%clk 00:57:29]} {[%emt 00:04:46]} e4
{[%clk 01:12:50]} {[%emt 00:02:54]} 15. Nd4 {[%clk 00:55:00]} {[%emt 00:03:00]}
Nxd4 {[%clk 01:12:19]} {[%emt 00:01:00]} 16. cxd4 {[%clk 00:54:58]} {[%emt
00:00:33]} Bxd4 {[%clk 01:12:22]} {[%emt 00:00:27]} 17. Re2 {[%clk 00:53:31]}
{[%emt 00:01:58]} Bxb2 {[%clk 01:09:06]} {[%emt 00:03:45]} 18. Rb1 {[%clk
00:53:41]} {[%emt 00:00:21]} Be5 {[%clk 01:06:13]} {[%emt 00:03:17]} 19. Bb3
{[%clk 00:39:55]} {[%emt 00:14:21]} Bd4 {[%clk 01:02:31]} {[%emt 00:04:11]} 20.
Nxe4 {[%clk 00:39:05]} {[%emt 00:01:21]} Bb6 {[%clk 00:53:52]} {[%emt
00:09:06]} 21. Bxd5+ {[%clk 00:38:11]} {[%emt 00:01:27]} Kh8 {[%clk 00:53:52]}
{[%emt 00:00:28]} 22. Qd2 {[%clk 00:33:25]} {[%emt 00:05:18]} Qc7 {[%clk
00:43:50]} {[%emt 00:10:30]} 23. Qh6 {[%clk 00:27:21]} {[%emt 00:06:36]} Qg7
{[%clk 00:42:24]} {[%emt 00:01:55]} 24. Qh2 {[%clk 00:22:16]} {[%emt 00:05:34]}
a6 {[%clk 00:35:44]} {[%emt 00:07:13]} 25. Ng5 {[%clk 00:20:38]} {[%emt
00:02:08]} Bf5 {[%clk 00:28:38]} {[%emt 00:07:29]} 26. Rxb6 {[%clk 00:20:09]}
{[%emt 00:01:06]} Qa1+ {[%clk 00:28:50]} {[%emt 00:00:17]} 27. Rb1 {[%clk
00:19:49]} {[%emt 00:00:50]} Qxb1+ {[%clk 00:29:08]} {[%emt 00:00:13]} 28. Re1
{[%clk 00:20:10]} {[%emt 00:00:09]} Qxe1# {[%clk 00:28:58]} {[%emt 00:00:08]}
0-1

[Event "DEM U10w 2024"]
[Site "Willingen GER"]
[Date "2024.05.22"]
[Round "7"]
[White "Jänsch, Layla"]
[Black "Subocz, Emma"]
[Result "0-1"]
[Termination "normal"]
[Board "13"]
[WhiteElo "962"]
[BlackElo "1028"]
[WhiteClock "00:29:32"]
[BlackClock "00:50:13"]
[PlyCount "82"]
[BlackFideId "41805666"]
[EventCountry "GER"]
[EventRounds "11"]
[EventType "swiss"]
[EventDate "2024.05.18"]

1. e4 {[%clk 01:15:55]} {[%emt 00:00:05]} e5 {[%clk 01:15:58]} {[%emt
00:00:02]} 2. Nf3 {[%clk 01:16:14]} {[%emt 00:00:11]} Nc6 {[%clk 01:16:24]}
{[%emt 00:00:04]} 3. d4 {[%clk 01:16:35]} {[%emt 00:00:08]} exd4 {[%clk
01:16:30]} {[%emt 00:00:24]} 4. Bc4 {[%clk 01:16:43]} {[%emt 00:00:22]} Bc5
{[%clk 01:16:26]} {[%emt 00:00:34]} 5. c3 {[%clk 01:16:34]} {[%emt 00:00:40]}
Bb6 {[%clk 01:14:14]} {[%emt 00:02:42]} 6. cxd4 {[%clk 01:14:52]} {[%emt
00:02:12]} Nf6 {[%clk 01:13:21]} {[%emt 00:01:22]} 7. Nc3 {[%clk 01:13:59]}
{[%emt 00:01:23]} Ba5 {[%clk 01:13:12]} {[%emt 00:00:40]} 8. Qe2 {[%clk
01:09:05]} {[%emt 00:05:14]} O-O {[%clk 01:12:12]} {[%emt 00:01:40]} 9. O-O
{[%clk 01:09:10]} {[%emt 00:00:25]} Bxc3 {[%clk 01:12:21]} {[%emt 00:00:21]}
10. bxc3 {[%clk 01:08:42]} {[%emt 00:00:58]} d5 {[%clk 01:12:35]} {[%emt
00:00:16]} 11. exd5 {[%clk 01:07:01]} {[%emt 00:02:11]} Nxd5 {[%clk 01:12:56]}
{[%emt 00:00:09]} 12. Bd2 {[%clk 01:03:00]} {[%emt 00:04:22]} a6 {[%clk
01:11:40]} {[%emt 00:01:55]} 13. Qe4 {[%clk 01:00:40]} {[%emt 00:02:34]} Nf6
{[%emt 00:04:07]} 14. Qe2 {[%clk 00:56:57]} {[%emt 00:00:12]} Re8 {[%emt
00:03:03]} 15. Qd3 {[%clk 00:55:28]} {[%emt 00:00:26]} b5 {[%clk 01:11:10]}
{[%emt 00:00:41]} 16. Bb3 {[%clk 00:54:39]} {[%emt 00:01:17]} Ne5 {[%clk
01:08:38]} {[%emt 00:03:02]} 17. Nxe5 {[%clk 00:53:01]} {[%emt 00:02:08]} Rxe5
{[%clk 01:08:49]} {[%emt 00:00:20]} 18. Qf3 {[%clk 00:52:15]} {[%emt 00:01:03]}
Bg4 {[%clk 01:06:26]} {[%emt 00:03:04]} 19. Qxa8 {[%clk 00:51:59]} {[%emt
00:00:48]} Qxa8 {[%clk 01:06:51]} {[%emt 00:00:05]} 20. dxe5 {[%clk 00:51:49]}
{[%emt 00:00:40]} Ne4 {[%clk 01:05:15]} {[%emt 00:02:05]} 21. Bf4 {[%clk
00:48:19]} {[%emt 00:03:44]} Nxc3 {[%clk 01:04:18]} {[%emt 00:01:43]} 22. f3
{[%clk 00:48:11]} {[%emt 00:00:38]} Bd7 {[%clk 01:03:40]} {[%emt 00:01:09]} 23.
Rf2 {[%clk 00:47:21]} {[%emt 00:01:10]} Qa7 {[%clk 01:01:16]} {[%emt 00:03:03]}
24. Re1 {[%clk 00:45:00]} {[%emt 00:02:28]} Be6 {[%clk 00:59:41]} {[%emt
00:02:29]} 25. Bxe6 {[%clk 00:43:16]} {[%emt 00:02:14]} fxe6 {[%clk 00:59:59]}
{[%emt 00:00:11]} 26. Be3 {[%clk 00:42:49]} {[%emt 00:00:46]} Qb7 {[%clk
00:58:19]} {[%emt 00:02:22]} 27. Rc2 {[%clk 00:42:16]} {[%emt 00:00:57]} Nd5
{[%clk 00:57:14]} {[%emt 00:01:41]} 28. Rd2 {[%clk 00:40:57]} {[%emt 00:01:42]}
Nxe3 {[%clk 00:55:41]} {[%emt 00:02:09]} 29. Rxe3 {[%clk 00:40:51]} {[%emt
00:00:36]} Qb6 {[%clk 00:55:40]} {[%emt 00:00:31]} 30. Rde2 {[%clk 00:39:27]}
{[%emt 00:01:52]} c5 {[%clk 00:55:32]} {[%emt 00:00:40]} 31. Kf1 {[%clk
00:39:20]} {[%emt 00:00:33]} Kf7 {[%clk 00:55:36]} {[%emt 00:00:30]} 32. Rd3
{[%clk 00:37:02]} {[%emt 00:02:45]} c4 {[%clk 00:55:56]} {[%emt 00:00:14]} 33.
Rc3 {[%clk 00:36:13]} {[%emt 00:00:49]} Qc5 {[%clk 00:55:04]} {[%emt 00:01:52]}
34. a3 {[%clk 00:34:55]} {[%emt 00:01:44]} a5 {[%clk 00:54:34]} {[%emt
00:01:04]} 35. Rec2 {[%clk 00:33:56]} {[%emt 00:01:16]} Qxe5 {[%clk 00:54:34]}
{[%emt 00:00:43]} 36. a4 {[%clk 00:32:57]} {[%emt 00:01:28]} bxa4 {[%clk
00:53:48]} {[%emt 00:01:17]} 37. Rxc4 {[%clk 00:33:02]} {[%emt 00:00:24]} Qb5
{[%clk 00:54:01]} {[%emt 00:00:18]} 38. Kg1 {[%clk 00:32:28]} {[%emt 00:00:59]}
a3 {[%clk 00:53:48]} {[%emt 00:00:47]} 39. R4c3 {[%clk 00:32:01]} {[%emt
00:00:49]} a2 {[%clk 00:53:09]} {[%emt 00:01:18]} 40. Rc1 {[%clk 00:30:39]}
{[%emt 00:01:50]} Qb1 {[%clk 00:51:09]} {[%emt 00:02:31]} 41. Rxb1 {[%clk
00:29:32]} {[%emt 00:01:37]} axb1=Q+ {[%clk 00:50:13]} {[%emt 00:00:55]} 0-1